000 00834nam a2200277Ia 4500
003 OSt
005 20220926014543.0
006 a|||||r|||| 00| 0
007 ta
008 220923b |||||||| |||| 00| 0 eng d
020 _a9780073511375
_c2942.3299999999999
037 _b4502, 24/11/2011, RAJKIRAN BOOK AGENCY
_cGeneral Book
040 _aRTL
_cRTL
_beng
041 _2eng
_aeng
082 _aX:72, N6;Q2/TD
100 _aROMER David
245 0 _aAdvanced macroeconomics
250 _a4th
260 _aNew York
_bMcGraw-Hill
_c2012
300 _axx, 716p
_ccm.
490 _aMcGraw-Hill Series in Economics
500 _aBibliography: P 649-85
650 _aEconomics
942 _hX:72, N6;Q2/TD
_cGB
_2CC
999 _c629324
_d629324